Chinese Administrative Divisions Quiz Stats

 Plays Quiz not verified by Sporcle

Support Sporcle.
Go Orange.
Score 0/34 Timer 10:00
0 Plays Today
% Correct
Beijing
97.4%
Hong Kong
94.9%
Shanghai
92.3%
Tibet
87.2%
Macau
84.6%
Inner Mongolia
82.1%
Taiwan
79.5%
Shanxi
76.9%
Tianjin
76.9%
Hainan
76.9%
Chongqing
74.4%
Shaanxi
74.4%
Henan
74.4%
Hunan
74.4%
Guangdong
74.4%
Qinghai
71.8%
Heilongjiang
71.8%
% Correct
Hubei
71.8%
Sichuan
69.2%
Yunnan
69.2%
Hebei
69.2%
Gansu
66.7%
Liaoning
66.7%
Jilin
66.7%
Jiangsu
66.7%
Shandong
64.1%
Anhui
61.5%
Zhejiang
61.5%
Guizhou
59%
Jiangxi
59%
Fujian
59%
Ningxia Hui
53.8%
Xinjiang Uyghur
48.7%
Guangxi Zhuang
46.2%

You're not logged in!

Compare scores with friends on all Sporcle quizzes.
OR
Log In

From the Vault

Paint a πcture

by timmylemoine1

You can print it and use it as a design template for your pie. Just send us a slice.
Remove Ads.
Support Sporcle.
Get the best of Sporcle when you Go Orange. This ad-free experience offers more features, more stats, and more fun while also helping to support Sporcle. Thank you for becoming a member.

Show Comments

Extras

Top Quizzes Today


Score Distribution

Your Account Isn't Verified!

In order to create a playlist on Sporcle, you need to verify the email address you used during registration. Go to your Sporcle Settings to finish the process.

Report this User

Report this user for behavior that violates our Community Guidelines.

Details: